01082nam a22002537a 45000010005000000030006000050050017000110080041000280200018000690400029000870500013001160820011001291000021001402450066001612500044002272600039002713000050003105050008003605200348003685210024007165210020007406500034007607000034007945185FISKH20250422095030.0241118b cb ||||| |||| 00| 0 eng d a9780545307277 aFISKHbengcFISKHdFISKH aE61.M267 a970.01 aMann, Charles C. aBefore Columbus :bThe Americas of 1491 /cby Charles C. Mann aFirst Scholastic printing, October 2010 aNew York : bScholastic ; c2009.  a117 pages : bcolor illustrations ; c24 cm . aZ  aThis study of Native American societies is adapted for younger readers from Charles C. Mann's best-selling 1491. Turning conventional wisdom on its head, the book argues that the people of North and South America lived in enormous cities, raised pyramids hundreds of years before the Egyptians did, engineered corn, and farmed the rainforests.8 a1080 bLexile NC 8 aZ bRaz-Plus  aNative Americansvnon-fiction aHerring, Red eBook designer